Franchises NFL-Carte Quiz - Statistiques

Statistiques générales
  • Ce quiz a été pris 900 fois
  • Le résultat moyen est 14 sur 30
Réponses sur la Carte
Les réponses sont colorées sur une échelle allant du rouge au vert en fonction du pourcentage des utilisateurs qui les ont devinées à leur premier essai. Vous pouvez retrouver ces pourcentages ci-dessous.
 
Statistiques - réponses
Réponse % Correct
49ers
77%
Seahawks
72%
Rams/Chargers
71%
Chiefs
63%
Dolphins
63%
Texans
63%
Raiders
62%
Saints
58%
Cardinals
55%
Cowboys
52%
Broncos
51%
Buccaneers
48%
Vikings
47%
Titans
43%
Bears
42%
Jaguars
39%
Lions
39%
Patriots
39%
Falcons
38%
Giants/Jets
38%
Bills
36%
Panthers
36%
Colts
35%
Packers
35%
Commanders
31%
Browns
30%
Eagles
27%
Steelers
26%
Bengals
23%
Ravens
21%
Aucun quiz correspondant
Distribution des résultats
% des personnes avec chaque résultat
Percentile par nombre de réponses
Votre historique - résultats
Vous n’avez pas pris ce quiz